مكتبة جامعة عجلون الوطنية

فهرس بحث المكتبة

Introduction to financial management / (Record no. 33471)

MARC details
000 -LEADER
fixed length control field 00906pam a2200301 a 4500
001 - CONTROL NUMBER
control field 3332668
003 - CONTROL NUMBER IDENTIFIER
control field JO-AjAnu
005 - DATE AND TIME OF LATEST TRANSACTION
control field 20240429113453.0
008 - FIXED-LENGTH DATA ELEMENTS--GENERAL INFORMATION
fixed length control field 850628s1986 nyua b 001 0 eng
010 ## - LIBRARY OF CONGRESS CONTROL NUMBER
LC control number 85016646
020 ## - INTERNATIONAL STANDARD BOOK NUMBER
International Standard Book Number 007055109X :
Terms of availability $35.95 (est.)
040 ## - CATALOGING SOURCE
Original cataloging agency DLC
Transcribing agency DLC
Modifying agency JO-AjAnu
Language of cataloging eng
041 #0 - LANGUAGE CODE
Language code of text/sound track or separate title eng
Language code of original eng
050 00 - LIBRARY OF CONGRESS CALL NUMBER
Classification number HG4011
Item number .S33 1986
082 00 - DEWEY DECIMAL CLASSIFICATION NUMBER
Classification number 658.1/5
Edition number 19
100 1# - MAIN ENTRY--PERSONAL NAME
Personal name Schall, Lawrence D.
245 10 - TITLE STATEMENT
Title Introduction to financial management /
Statement of responsibility, etc. Lawrence D. Schall, Charles W. Haley.
250 ## - EDITION STATEMENT
Edition statement 4th ed.
260 ## - PUBLICATION, DISTRIBUTION, ETC.
Place of publication, distribution, etc. New York :
Name of publisher, distributor, etc. McGraw-Hill,
Date of publication, distribution, etc. c1986.
300 ## - PHYSICAL DESCRIPTION
Extent xviii, 790 p. :
Other physical details ill. ;
Dimensions 24 cm.
440 #0 - SERIES STATEMENT/ADDED ENTRY--TITLE
Title McGraw-Hill series in finance
500 ## - GENERAL NOTE
General note Includes index.
504 ## - BIBLIOGRAPHY, ETC. NOTE
Bibliography, etc. note Bibliography: p. 737-743.
650 #0 - SUBJECT ADDED ENTRY--TOPICAL TERM
Topical term or geographic name entry element Corporations
General subdivision Finance.
700 1# - ADDED ENTRY--PERSONAL NAME
Personal name Haley, Charles W.
906 ## - LOCAL DATA ELEMENT F, LDF (RLIN)
a 7
b cbc
c orignew
d 1
e ocip
f 19
g y-gencatlg
942 ## - ADDED ENTRY ELEMENTS (KOHA)
Source of classification or shelving scheme Library of Congress Classification
Koha item type Books
Suppress in OPAC No
Holdings
Withdrawn status Lost status Source of classification or shelving scheme Damaged status Not for loan Home library Current library Date acquired Total Checkouts Full call number Barcode Date last seen Price effective from Koha item type
    Library of Congress Classification     مكتبة جامعة عجلون الوطنية مكتبة جامعة عجلون الوطنية 29/04/2024   HG4011.S33 1986 e3590 29/04/2024 29/04/2024 Books